BUKU rasmi organisasi kerajaan Malaysia : Panduan pegawai 1975
| Format: | Book |
|---|---|
| Published: |
Kuala Lumpur :
Bahagian Penyelarasan, Pelaksanaan dan Kemajuan Pentadbiran, Jabatan Perdana Menteri ,
1975
|
| Subjects: |
MARC
| LEADER | 00000cam a2200000 7i4500 | ||
|---|---|---|---|
| 001 | 0000001358 | ||
| 005 | 20010605.0 | ||
| 090 | 0 | 0 | |a 354.595002 |b BUK 1975 |
| 245 | 0 | 0 | |a BUKU rasmi organisasi kerajaan Malaysia : |b Panduan pegawai 1975 |
| 260 | 0 | 0 | |a Kuala Lumpur : |b Bahagian Penyelarasan, Pelaksanaan dan Kemajuan Pentadbiran, Jabatan Perdana Menteri , |c 1975 |
| 300 | |a xv, 491 p. ; |c 25 cm. | ||
| 650 | 0 | 0 | |a Administrative agencies |z Malaysia |
| 651 | 0 | 0 | |a Malaysia |x Executive departments |
| 998 | |a JPSM | ||
| 999 | |a 0000002694 |b Monograph |c Open Shelf |e Default branch | ||